[Event "Muensterland Regionalliga playoff 1-4"]
[Site "Germany"]
[Date "2023.05.06"]
[Round "2.6"]
[White "Langendijk, Andre"]
[Black "Kessens, Felix Magnus"]
[Result "1/2-1/2"]
[WhiteElo "1904"]
[BlackElo "1693"]
[PlyCount "48"]
[EventDate "2022.03.18"]
[EventType "team-k.o."]
[EventRounds "2"]
[EventCountry "GER"]
[SourceTitle "EXT 2024"]
[Source "ChessBase"]
[SourceDate "2023.10.10"]
[SourceVersion "1"]
[SourceVersionDate "2023.10.10"]
[SourceQuality "1"]
[WhiteTeam "Gronau"]
[BlackTeam "Saerbeck"]
[WhiteTeamCountry "GER"]
[BlackTeamCountry "GER"]

1. d4 Nf6 2. Bg5 c5 3. Bxf6 gxf6 4. d5 f5 5. c4 Qb6 6. Qb3 Qxb3 7. axb3 Bg7 8. Nc3 Na6 9. Kd2 e5 10. Nf3 e4 11. Ne1 0-0 12. Nc2 d6 13. e3 Bd7 14. Be2 Rfe8 15. Rag1 Bh6 16. g3 Kh8 17. Bh5 Re7 18. g4 fxg4 19. Bxg4 f5 20. Bh5 Rg8 21. Rxg8+ Kxg8 22. Rg1+ Rg7 23. Rxg7+ Bxg7 24. f3 exf3 1/2-1/2

[Event "Muensterland Regionalliga 1920"]
[Site "Germany"]
[Date "2019.09.07"]
[Round "1.6"]
[White "Langhanke, Guenther"]
[Black "Langendijk, Andre"]
[Result "1-0"]
[WhiteElo "1942"]
[BlackElo "1926"]
[PlyCount "127"]
[EventDate "2019.09.07"]
[EventType "team-tourn"]
[EventRounds "7"]
[EventCountry "GER"]
[SourceTitle "EXT 2023"]
[Source "ChessBase"]
[SourceDate "2022.10.05"]
[SourceVersion "1"]
[SourceVersionDate "2022.10.05"]
[SourceQuality "1"]
[WhiteTeam "Rheine Klein Berlin"]
[BlackTeam "Gronau"]
[WhiteTeamCountry "GER"]
[BlackTeamCountry "GER"]

1. e4 c5 2. Nc3 g6 3. g3 Bg7 4. Bg2 Nc6 5. d3 d6 6. Nh3 Nd4 7. 0-0 Rb8 8. f4 b5 9. Nf2 e6 10. Ne2 Ne7 11. c3 Nxe2+ 12. Qxe2 0-0 13. Be3 b4 14. d4 bxc3 15. bxc3 cxd4 16. Bxd4 Qa5 17. Bxg7 Kxg7 18. Qd2 Rd8 19. Ng4 Qc5+ 20. Rf2 f5 21. exf5 Nxf5 22. Re1 Bd7 23. Ne3 Nxe3 24. Qxe3 Rdc8 25. Qxc5 Rxc5 26. Rd2 d5 27. Bxd5 Kf6 28. Bb3 Rb7 29. Rd6 Ke7 30. Ra6 Rxc3 31. Bxe6 Bxe6 32. Raxe6+ Kf7 33. R1e2 Ra3 34. Rc6 Rd7 35. Kg2 Kg7 36. Kh3 Ra5 37. Rc3 Kf6 38. a3 Ra4 39. Rb2 Rd5 40. Kg4 Ra6 41. Kf3 Rda5 42. Rbb3 Rd5 43. g4 h6 44. h4 g5 45. fxg5+ hxg5 46. h5 Rd4 47. Rb5 Rf4+ 48. Kg3 Re6 49. Rxg5 Kxg5 50. Rc5+ Kh6 51. Kxf4 Ra6 52. Kf5 Rxa3 53. Rc6+ Kg7 54. Rc7+ Kg8 55. Rc6 Rf3+ 56. Kg6 Rf8 57. Ra6 Rf4 58. g5 Rf7 59. h6 Rg7+ 60. Kh5 Rb7 61. Ra5 Rc7 62. g6 Rb7 63. Rc5 Rb8 64. h7+ 1-0

[Event "Muensterland Regionalliga 1819"]
[Site "Germany"]
[Date "2019.03.23"]
[Round "8.6"]
[White "Langhanke, Guenther"]
[Black "Langendijk, Andre"]
[Result "1/2-1/2"]
[WhiteElo "1932"]
[BlackElo "1907"]
[PlyCount "46"]
[EventDate "2018.09.08"]
[EventType "team-tourn"]
[EventRounds "9"]
[EventCountry "GER"]
[SourceTitle "EXT 2020"]
[Source "ChessBase"]
[SourceDate "2019.10.17"]
[SourceVersion "1"]
[SourceVersionDate "2019.10.17"]
[SourceQuality "1"]
[WhiteTeam "Rheine Klein Berlin"]
[BlackTeam "Gronau"]
[WhiteTeamCountry "GER"]
[BlackTeamCountry "GER"]

1. e4 c5 2. Nc3 g6 3. f4 Bg7 4. Nf3 Nc6 5. Bb5 Nd4 6. 0-0 Nxb5 7. Nxb5 Nf6 8. Nc3 0-0 9. d3 b6 10. Qe1 Bb7 11. Qh4 d5 12. e5 d4 13. Ne2 Nd5 14. Bd2 e6 15. Qh3 Qd7 16. Rae1 Rae8 17. a3 a5 18. Ng3 f5 19. exf6 Nxf6 20. Ng5 Bd5 21. Re2 h6 22. N5e4 c4 23. Rfe1 cxd3 1/2-1/2

[Event "Muensterland Regionalliga 1819"]
[Site "Germany"]
[Date "2018.09.29"]
[Round "2.6"]
[White "Langendijk, Andre"]
[Black "Kamp, Aaron"]
[Result "0-1"]
[WhiteElo "1907"]
[BlackElo "1848"]
[PlyCount "60"]
[EventDate "2018.09.08"]
[EventType "team-tourn"]
[EventRounds "9"]
[EventCountry "GER"]
[SourceTitle "EXT 2020"]
[Source "ChessBase"]
[SourceDate "2019.10.17"]
[SourceVersion "1"]
[SourceVersionDate "2019.10.17"]
[SourceQuality "1"]
[WhiteTeam "Gronau"]
[BlackTeam "Muenster III"]
[WhiteTeamCountry "GER"]
[BlackTeamCountry "GER"]

1. d4 Nf6 2. Bg5 d5 3. e3 Ne4 4. Bh4 g6 5. Nd2 Bg7 6. Nxe4 dxe4 7. Bc4 0-0 8. Ne2 Nc6 9. Nc3 Bf5 10. g4 Be6 11. Bxe6 fxe6 12. 0-0 h6 13. Nxe4 Qd5 14. f3 e5 15. Nc3 Qd6 16. d5 Nb4 17. a3 Na6 18. Ne4 Qb6 19. Qd3 g5 20. Be1 Rad8 21. Qc4 Qxe3+ 22. Kg2 Kh8 23. Bb4 Nxb4 24. axb4 Rf4 25. Qc5 Rxg4+ 26. fxg4 Qxe4+ 27. Kg3 h5 28. gxh5 Rxd5 29. Qf2 Rd4 30. Rxa7 Qg4# 0-1

[Event "Muensterland Regionalliga 1718"]
[Site "Germany"]
[Date "2018.06.02"]
[Round "9.4"]
[White "Langendijk, Andre"]
[Black "Quante, Lennart"]
[Result "0-1"]
[WhiteElo "1913"]
[BlackElo "2054"]
[PlyCount "90"]
[EventDate "2017.09.02"]
[EventType "team-tourn"]
[EventRounds "9"]
[EventCountry "GER"]
[SourceTitle "EXT 2019"]
[Source "ChessBase"]
[SourceDate "2018.10.10"]
[SourceVersion "1"]
[SourceVersionDate "2018.10.10"]
[SourceQuality "1"]
[WhiteTeam "Gronau"]
[BlackTeam "Muenster SK II"]
[WhiteTeamCountry "GER"]
[BlackTeamCountry "GER"]

1. e4 e5 2. Nf3 Nc6 3. Bb5 a6 4. Bxc6 dxc6 5. Nc3 f6 6. d4 exd4 7. Nxd4 c5 8. Nde2 Qxd1+ 9. Nxd1 Be6 10. Bf4 0-0-0 11. Ndc3 Ne7 12. Rd1 Rxd1+ 13. Kxd1 h5 14. Kc1 Ng6 15. Be3 Nh4 16. g3 Nf3 17. h4 Bd6 18. Bf4 Ne5 19. b3 Bg4 20. Bxe5 fxe5 21. Ng1 Rf8 22. Rh2 c4 23. bxc4 Ba3+ 24. Kd2 Rd8+ 25. Nd5 c6 26. f3 Be6 27. Ne2 cxd5 28. cxd5 Bd7 29. f4 Bd6 30. Kd3 g6 31. fxe5 Bxe5 32. Rf2 Bg4 33. Nf4 Rf8 34. c4 b6 35. Ke3 Kd7 36. Nd3 Bd6 37. Ne5+ Ke8 38. Rxf8+ Kxf8 39. Nxg6+ Kf7 40. Nf4 Bc5+ 41. Kd3 Bf2 42. e5 Bxg3 43. e6+ Ke8 44. Ke4 Bxf4 45. Kxf4 Be2 0-1

[Event "Muensterland Regionalliga 1617"]
[Site "Germany"]
[Date "2017.02.04"]
[Round "6.3"]
[White "Rebber, Christian"]
[Black "Langendijk, Andre"]
[Result "1/2-1/2"]
[WhiteElo "1860"]
[BlackElo "1919"]
[PlyCount "202"]
[EventDate "2016.09.17"]
[EventType "team"]
[EventRounds "9"]
[EventCountry "GER"]
[SourceTitle "EXT 2018"]
[Source "ChessBase"]
[SourceDate "2017.10.13"]
[SourceVersion "1"]
[SourceVersionDate "2017.10.13"]
[SourceQuality "1"]
[WhiteTeam "Duelmen"]
[BlackTeam "Gronau"]
[WhiteTeamCountry "GER"]
[BlackTeamCountry "GER"]

1. b4 e5 2. Bb2 Nf6 3. b5 d6 4. c4 Be6 5. e3 Be7 6. Nf3 Nbd7 7. Be2 0-0 8. Nc3 h6 9. Qc2 Re8 10. 0-0 Nb6 11. d3 Bf5 12. e4 Bg4 13. a4 Nbd7 14. Nd5 Nxd5 15. cxd5 Nc5 16. d4 Bxf3 17. Bxf3 exd4 18. Bxd4 Bf6 19. Bxf6 Qxf6 20. Rad1 b6 21. Rfe1 Re5 22. Re3 Rae8 23. Rde1 R5e7 24. g3 Qd4 25. Rd1 Qb4 26. Rb1 Qa5 27. Rbe1 a6 28. bxa6 Qxa4 29. Qxa4 Nxa4 30. Ra1 Nc5 31. a7 Ra8 32. e5 Nb7 33. Rc3 dxe5 34. d6 cxd6 35. Bd5 Kf8 36. Rc6 Na5 37. Rxd6 Raxa7 38. Rxb6 g6 39. Rb5 Nc6 40. Rxa7 Nxa7 41. Rb8+ Kg7 42. Kg2 Rc7 43. Re8 Kf6 44. Rb8 Nc8 45. h3 h5 46. h4 Ne7 47. Bb3 Nf5 48. Bd5 Re7 49. Rb6+ Kg7 50. Be4 Nd4 51. Rb8 Rd7 52. Re8 f5 53. Bd3 e4 54. Bc4 Kf6 55. Rf8+ Kg7 56. Rg8+ Kh7 57. Rc8 Nf3 58. Be2 Ne5 59. Re8 Ng4 60. Bxg4 hxg4 61. Kf1 Kg7 62. Ke2 Kf7 63. Rh8 Kf6 64. Ra8 Rd3 65. Ra6+ Kf7 66. h5 gxh5 67. Rh6 Rf3 68. Rxh5 Kg6 69. Rh8 e3 70. fxe3 Rxg3 71. Rg8+ Kf7 72. Ra8 Rf3 73. Ra6 Rh3 74. Kf2 Ke7 75. Rb6 Rh2+ 76. Kf1 Rd2 77. Rg6 Rd6 78. Rg8 Kf7 79. Ra8 Kf6 80. Kf2 Rd2+ 81. Kg3 Re2 82. Re8 Kg5 83. Rg8+ Kf6 84. Re8 Rd2 85. Rf8+ Ke6 86. Re8+ Kf7 87. Re5 Kf6 88. Re8 Rd6 89. Kf4 Kf7 90. Ra8 Kg6 91. Rg8+ Kh7 92. Rf8 Rg6 93. Rxf5 g3 94. Rh5+ Kg7 95. Rh1 Kf6 96. Rg1 g2 97. Kf3 Ke5 98. Rxg2 Rxg2 99. Kxg2 Ke4 100. Kf2 Ke5 101. Kf3 Kf5 1/2-1/2

[Event "Muensterland Regionalliga 1516"]
[Site "Germany"]
[Date "2016.04.09"]
[Round "8.2"]
[White "Holtel, Jasper"]
[Black "Langendijk, Andre"]
[Result "1-0"]
[WhiteElo "2185"]
[BlackElo "1966"]
[PlyCount "47"]
[EventDate "2015.09.05"]
[EventType "team"]
[EventRounds "9"]
[EventCountry "GER"]
[SourceTitle "EXT 2017"]
[Source "ChessBase"]
[SourceDate "2016.10.25"]
[SourceVersion "1"]
[SourceVersionDate "2016.10.25"]
[SourceQuality "1"]
[WhiteTeam "Muenster SK II"]
[BlackTeam "Gronau"]
[WhiteTeamCountry "GER"]
[BlackTeamCountry "GER"]

1. e4 c5 2. Nf3 e6 3. d4 cxd4 4. Nxd4 Nf6 5. Nc3 Bb4 6. e5 Nd5 7. Bd2 Nxc3 8. bxc3 Be7 9. Qg4 0-0 10. Bh6 g6 11. Bxf8 Bxf8 12. Bd3 Qa5 13. 0-0 Qxe5 14. f4 Qc5 15. Kh1 d6 16. f5 exf5 17. Bxf5 Nc6 18. Bxc8 Ne5 19. Qe4 Qxc8 20. Qd5 Qxc3 21. Qxb7 Rc8 22. Rad1 Rc7 23. Qb8 Rd7 24. Ne6 1-0

[Event "Muensterland Verbandsliga 1415"]
[Site "Germany"]
[Date "2015.05.09"]
[Round "9.4"]
[White "Kipp, Lucas"]
[Black "Langendijk, Andre"]
[Result "1/2-1/2"]
[WhiteElo "1877"]
[BlackElo "1924"]
[PlyCount "34"]
[EventDate "2014.09.06"]
[EventType "team-tourn"]
[EventRounds "9"]
[EventCountry "GER"]
[SourceTitle "EXT 2016"]
[Source "ChessBase"]
[SourceDate "2015.10.08"]
[SourceVersion "1"]
[SourceVersionDate "2015.10.08"]
[SourceQuality "1"]
[WhiteTeam "Saerbeck"]
[BlackTeam "Gronau"]
[WhiteTeamCountry "GER"]
[BlackTeamCountry "GER"]

1. e4 c5 2. c3 Nf6 3. e5 Nd5 4. d4 cxd4 5. Nf3 Nc6 6. Bb5 Nc7 7. Bxc6 dxc6 8. Qxd4 Qxd4 9. Nxd4 g6 10. 0-0 Bg7 11. f4 Bd7 12. Nd2 0-0-0 13. Ne4 Ne6 14. Be3 b6 15. b4 h6 16. a4 Nxd4 17. cxd4 Bf5 1/2-1/2

[Event "Muensterland Verbandsliga 1415"]
[Site "Germany"]
[Date "2015.03.14"]
[Round "7.5"]
[White "Langendijk, Andre"]
[Black "Glotzbach, Thomas"]
[Result "1-0"]
[WhiteElo "1924"]
[BlackElo "1745"]
[PlyCount "65"]
[EventDate "2014.09.06"]
[EventType "team-tourn"]
[EventRounds "9"]
[EventCountry "GER"]
[SourceTitle "EXT 2016"]
[Source "ChessBase"]
[SourceDate "2015.10.08"]
[SourceVersion "1"]
[SourceVersionDate "2015.10.08"]
[SourceQuality "1"]
[WhiteTeam "Gronau"]
[BlackTeam "Muenster Indische Dame"]
[WhiteTeamCountry "GER"]
[BlackTeamCountry "GER"]

1. d4 Nf6 2. Bg5 d5 3. e3 e6 4. Bd3 c5 5. c3 c4 6. Bc2 b5 7. Nd2 Be7 8. b4 cxb3 9. axb3 Nc6 10. Ngf3 h6 11. Bh4 Bb7 12. 0-0 Rc8 13. Bd3 a6 14. Qe2 Nd7 15. Bg3 Bf6 16. e4 dxe4 17. Nxe4 Be7 18. d5 Ncb8 19. dxe6 fxe6 20. Nd4 Nf8 21. Rad1 Qb6 22. Bxb8 Rxb8 23. Qh5+ Kd7 24. Rfe1 Bd5 25. c4 Qxd4 26. cxd5 g6 27. dxe6+ Kc7 28. Qf3 Qb2 29. Qf4+ Kb7 30. Nd6+ Bxd6 31. Qxd6 Qf6 32. Be4+ Ka7 33. Qc7+ 1-0

[Event "Muensterland Regionalliga 1314"]
[Site "Germany"]
[Date "2014.03.15"]
[Round "7.6"]
[White "Langendijk, Andre"]
[Black "Jesolowitz, Martin"]
[Result "1-0"]
[WhiteElo "1879"]
[BlackElo "1813"]
[PlyCount "76"]
[EventDate "2013.09.07"]
[EventType "team-tourn"]
[EventRounds "9"]
[EventCountry "GER"]
[SourceTitle "EXT 2015"]
[Source "ChessBase"]
[SourceDate "2014.11.20"]
[SourceVersion "1"]
[SourceVersionDate "2014.11.20"]
[SourceQuality "1"]
[WhiteTeam "Gronau"]
[BlackTeam "Sendenhorst"]
[WhiteTeamCountry "GER"]
[BlackTeamCountry "GER"]

1. d4 d5 2. Bg5 c6 3. c3 Qb6 4. Qb3 Qxb3 5. axb3 f6 6. Bf4 Nd7 7. Nf3 g5 8. Bc7 Bg7 9. Nbd2 Nh6 10. e4 Nf7 11. h4 g4 12. Nh2 h5 13. exd5 cxd5 14. Bd3 e5 15. Nhf1 exd4 16. cxd4 f5 17. Ne3 Bxd4 18. Nxd5 Nf6 19. Nb6 Bxb6 20. Bxb6 Ne5 21. Be2 Nc6 22. 0-0 0-0 23. b4 Nd7 24. Bc7 Nd4 25. Bc4+ Kh7 26. Rfe1 Nf6 27. Bd6 Re8 28. Rxe8 Nxe8 29. Bc5 Nc6 30. b5 Ne5 31. Re1 Nxc4 32. Nxc4 Nf6 33. Re7+ Kg8 34. Nd6 Nd7 35. Re8+ Kh7 36. Bd4 Nb6 37. Bxb6 axb6 38. Rxc8 f4 1-0

[Event "Muensterland Regionalliga 1314"]
[Site "Germany"]
[Date "2013.12.07"]
[Round "4.4"]
[White "Kemper, Georg"]
[Black "Langendijk, Andre"]
[Result "1-0"]
[WhiteElo "1907"]
[BlackElo "1879"]
[PlyCount "53"]
[EventDate "2013.09.07"]
[EventType "team-tourn"]
[EventRounds "9"]
[EventCountry "GER"]
[SourceTitle "EXT 2015"]
[Source "ChessBase"]
[SourceDate "2014.11.20"]
[SourceVersion "1"]
[SourceVersionDate "2014.11.20"]
[SourceQuality "1"]
[WhiteTeam "Nienberge"]
[BlackTeam "Gronau"]
[WhiteTeamCountry "GER"]
[BlackTeamCountry "GER"]

1. d4 Nf6 2. c4 c5 3. d5 g6 4. Nf3 b5 5. cxb5 d6 6. Nc3 Bg7 7. e4 Nbd7 8. h3 0-0 9. Be2 a6 10. 0-0 axb5 11. Bxb5 Ba6 12. Bxa6 Rxa6 13. Qe2 Qa8 14. Bf4 Nh5 15. Bh2 Rb6 16. e5 dxe5 17. Nxe5 Nxe5 18. Bxe5 e6 19. Bxg7 Nxg7 20. Rfd1 Nf5 21. b3 Nd4 22. Qe5 Qd8 23. dxe6 Rxe6 24. Qxc5 Rd6 25. Kh1 f5 26. Rd2 Nxb3 27. Qc4+ 1-0

[Event "Muensterland Verbandsklasse-A 1112"]
[Site "Germany"]
[Date "2012.02.11"]
[Round "6.4"]
[White "Junker, Axel"]
[Black "Langendijk, Andre"]
[Result "0-1"]
[WhiteElo "1817"]
[BlackElo "1865"]
[PlyCount "92"]
[EventDate "2011.09.17"]
[EventType "team-tourn"]
[EventRounds "9"]
[EventCountry "GER"]
[SourceTitle "EXT 2013"]
[Source "ChessBase"]
[SourceDate "2012.11.22"]
[SourceVersion "1"]
[SourceVersionDate "2012.11.22"]
[SourceQuality "1"]
[WhiteTeam "Telgte"]
[BlackTeam "Gronau"]
[WhiteTeamCountry "GER"]
[BlackTeamCountry "GER"]

1. c4 Nf6 2. Nc3 e6 3. e4 d5 4. e5 Ne4 5. Nxe4 dxe4 6. Qg4 Nc6 7. Qxe4 Qd4 8. Qxd4 Nxd4 9. Bd3 Bd7 10. Ne2 Bc5 11. Rb1 Bc6 12. 0-0 Nxe2+ 13. Bxe2 Bd4 14. b4 Bxe5 15. b5 Be4 16. d3 Bg6 17. Bb2 Bxb2 18. Rxb2 0-0-0 19. Rd2 Rd4 20. Rfd1 Rhd8 21. Kf1 e5 22. Ke1 f5 23. f3 R8d6 24. h3 h5 25. Bf1 Kd7 26. Kf2 Bf7 27. Ke1 Ke7 28. Be2 h4 29. Rc2 e4 30. dxe4 fxe4 31. Rxd4 Rxd4 32. Rd2 Rxd2 33. Kxd2 exf3 34. gxf3 Kd6 35. a3 g5 36. Ke3 Ke5 37. Bd3 Be8 38. Bc2 Bd7 39. Be4 b6 40. Bd5 Bxh3 41. Be4 Be6 42. Bd3 h3 43. Kf2 Kf4 44. Be2 h2 45. Kg2 Ke3 46. Bf1 Bh3+ 0-1

[Event "Muensterland Verbandsklasse-A 1011"]
[Site "Germany"]
[Date "2011.02.19"]
[Round "7.5"]
[White "Weise, Andreas"]
[Black "Langendijk, Andre"]
[Result "1/2-1/2"]
[WhiteElo "1673"]
[BlackElo "1883"]
[PlyCount "92"]
[EventDate "2010.09.18"]
[EventType "team-tourn"]
[EventRounds "9"]
[EventCountry "GER"]
[SourceTitle "EXT 2012"]
[Source "ChessBase"]
[SourceDate "2011.11.24"]
[SourceVersion "1"]
[SourceVersionDate "2011.11.24"]
[SourceQuality "1"]
[WhiteTeam "Duelmen"]
[BlackTeam "Gronau"]
[WhiteTeamCountry "GER"]
[BlackTeamCountry "GER"]

1. e4 c5 2. Nf3 e6 3. Nc3 Nc6 4. Bb5 Nd4 5. 0-0 Nxb5 6. Nxb5 a6 7. Nc3 Ne7 8. Re1 d5 9. exd5 Nxd5 10. Nxd5 Qxd5 11. b3 Be7 12. Bb2 0-0 13. c4 Qd8 14. d4 cxd4 15. Qxd4 Qxd4 16. Bxd4 Bd7 17. Ne5 Be8 18. Rad1 f6 19. Nd3 e5 20. Nc5 Kf7 21. Be3 Bc6 22. f3 Rfd8 23. Kf2 h6 24. Ke2 b5 25. Rxd8 Rxd8 26. Rd1 a5 27. Rxd8 Bxd8 28. Ne4 Ke6 29. Bc5 f5 30. Nc3 bxc4 31. bxc4 h5 32. Kd3 g5 33. h3 Bc7 34. Be3 Bd8 35. Bc5 a4 36. Ke3 Ba5 37. Kd3 Bd8 38. Ke3 Bc7 39. Kd3 Ba5 40. Be3 g4 41. hxg4 fxg4 42. fxg4 hxg4 43. g3 Kf5 44. Ba7 Bc7 45. Bf2 e4+ 46. Ke2 Be5 1/2-1/2

[Event "Muensterland Verbandsklasse-A 1011"]
[Site "Germany"]
[Date "2010.12.11"]
[Round "4.3"]
[White "Sparwel, Oliver"]
[Black "Langendijk, Andre"]
[Result "1/2-1/2"]
[WhiteElo "1934"]
[BlackElo "1883"]
[PlyCount "93"]
[EventDate "2010.09.18"]
[EventType "team-tourn"]
[EventRounds "9"]
[EventCountry "GER"]
[SourceTitle "EXT 2012"]
[Source "ChessBase"]
[SourceDate "2011.11.24"]
[SourceVersion "1"]
[SourceVersionDate "2011.11.24"]
[SourceQuality "1"]
[WhiteTeam "Suedlohn II"]
[BlackTeam "Gronau"]
[WhiteTeamCountry "GER"]
[BlackTeamCountry "GER"]

1. e4 c5 2. Nf3 e6 3. c3 Nf6 4. e5 Nd5 5. d4 cxd4 6. cxd4 d6 7. Bb5+ Bd7 8. Bxd7+ Qxd7 9. Nc3 Nc6 10. Nxd5 exd5 11. 0-0 Be7 12. Re1 0-0 13. Bf4 Rad8 14. a3 h6 15. b4 a6 16. Qb3 dxe5 17. dxe5 Rfe8 18. Rad1 Bf8 19. Bc1 g5 20. h3 Bg7 21. Bb2 Re6 22. Rd2 g4 23. hxg4 Rg6 24. g5 hxg5 25. Red1 Ne7 26. Bd4 g4 27. Nh4 Rg5 28. Qg3 Nc6 29. f4 Rh5 30. f5 Rxf5 31. Nxf5 Qxf5 32. Rf1 Qe6 33. Re1 Re8 34. Bb2 Bxe5 35. Bxe5 Nxe5 36. Red1 Rd8 37. Rd4 f5 38. Re1 Re8 39. Red1 Qb6 40. Kf1 Nc4 41. R1d3 Qe6 42. Rxd5 Ne3+ 43. Rxe3 Qxe3 44. Qxe3 Rxe3 45. Rxf5 Rxa3 46. Rg5+ Kf7 47. Rxg4 1/2-1/2

[Event "Muensterland Verbandsklasse-A 1011"]
[Site "Germany"]
[Date "2010.11.13"]
[Round "3.5"]
[White "Langendijk, Andre"]
[Black "Schley, Alfred"]
[Result "1-0"]
[WhiteElo "1883"]
[BlackElo "1704"]
[PlyCount "75"]
[EventDate "2010.09.18"]
[EventType "team-tourn"]
[EventRounds "9"]
[EventCountry "GER"]
[SourceTitle "EXT 2012"]
[Source "ChessBase"]
[SourceDate "2011.11.24"]
[SourceVersion "1"]
[SourceVersionDate "2011.11.24"]
[SourceQuality "1"]
[WhiteTeam "Gronau"]
[BlackTeam "Stadtlohn"]
[WhiteTeamCountry "GER"]
[BlackTeamCountry "GER"]

1. d4 d5 2. Bg5 Nd7 3. e3 Ngf6 4. c4 e6 5. Nc3 c6 6. Nf3 h6 7. Bh4 Be7 8. Qc2 0-0 9. Bd3 Re8 10. 0-0-0 dxc4 11. Bxc4 Nd5 12. Bxe7 Qxe7 13. h4 Nb4 14. Qd2 b5 15. Be2 Bb7 16. Rhg1 a6 17. g4 c5 18. g5 h5 19. g6 f5 20. Rg5 Nf6 21. Ne5 cxd4 22. exd4 Rac8 23. Kb1 Rxc3 24. bxc3 Ne4 25. Qe1 Nxg5 26. hxg5 Be4+ 27. Nd3 Nd5 28. Kb2 Bxd3 29. Rxd3 Rc8 30. Bxh5 Rxc3 31. Rxc3 Qb4+ 32. Kc2 Qa4+ 33. Kc1 Nc7 34. Rxc7 Qa3+ 35. Kb1 Qd3+ 36. Kb2 Qxd4+ 37. Qc3 Qxf2+ 38. Kb3 1-0

[Event "Muensterland Verbandsklasse-A 0910"]
[Site "Germany"]
[Date "2010.04.24"]
[Round "9.3"]
[White "Langendijk, Andre"]
[Black "Broemmel, Rudolf"]
[Result "1/2-1/2"]
[WhiteElo "1911"]
[BlackElo "1975"]
[PlyCount "35"]
[EventDate "2009.09.19"]
[EventType "team-tourn"]
[EventRounds "9"]
[EventCountry "GER"]
[SourceTitle "EXT 2011"]
[Source "ChessBase"]
[SourceDate "2010.11.26"]
[SourceVersion "1"]
[SourceVersionDate "2010.11.26"]
[SourceQuality "1"]
[WhiteTeam "Gronau"]
[BlackTeam "Raesfeld Erle"]
[WhiteTeamCountry "GER"]
[BlackTeamCountry "GER"]

1. d4 Nc6 2. Bg5 h6 3. Bh4 g5 4. Bg3 Bg7 5. e3 e5 6. c3 d5 7. Be2 Nge7 8. Nd2 Nf5 9. Bxe5 Nxe5 10. dxe5 Bxe5 11. Ngf3 Bg7 12. Qb3 c6 13. 0-0-0 Qe7 14. Bd3 g4 15. Nd4 Nxd4 16. exd4 Be6 17. Rde1 0-0-0 18. f4 1/2-1/2